书目信息 |
| 题名: |
Brief history of China post
|
|
| 作者: | 姜希河 总编 | |
| 分册: | ||
| 出版信息: | 北京 商务印书馆 1999 |
|
| 页数: | 222页 | |
| 开本: | 21cm | |
| 丛书名: | ||
| 单 册: | ||
| 中图分类: | F632.9 | |
| 科图分类: | ||
| 主题词: | 邮电业--you dian ye--经济史--中国 | |
| 电子资源: | ||
| ISBN: | 7-100-02926-0 | |
| 000 | 00640nam0 2200229 450 | |
| 001 | 1134631969 | |
| 005 | 20111005093822.93 | |
| 010 | @a7-100-02926-0@b精装@dCNY60.00 | |
| 100 | @a20060729d1999 em y0chiy0110 ea | |
| 101 | 0 | @aeng |
| 102 | @aCN@b110000 | |
| 105 | @aa z 000yy | |
| 200 | 1 | @aBrief history of China post@fbyJiangXihe |
| 210 | @a北京@c商务印书馆@d1999 | |
| 215 | @a222页@c图@d21cm | |
| 312 | @a中文题名取自CIP数据 | |
| 510 | 1 | @a中国邮政简史@zchi |
| 606 | 0 | @a邮电业@Ayou dian ye@x经济史@y中国 |
| 690 | @aF632.9@v4 | |
| 701 | 0 | @a姜希河@Ajiang xi he@4总编 |
| 801 | 0 | @aCN@bNLC@c20101222 |
| 905 | @a10447@dF632.9@eJY1 | |
| Brief history of China post/byJiangXihe.-北京:商务印书馆,1999 |
| 222页:图;21cm |
| ISBN 7-100-02926-0(精装):CNY60.00 |
| ● |
| 相关链接 |
|
|
|
|
正题名:Brief history of China post
索取号:F632.9/JY1
 
预约/预借
| 序号 | 登录号 | 条形码 | 馆藏地/架位号 | 状态 | 备注 |
| 1 | 7814012 | 278140129 | 学院路分馆/ [索取号:F632.9/JY1] | 在馆 | |
| 2 | 7814013 | 278140138 | 学院路分馆/ [索取号:F632.9/JY1] | 在馆 |